| 000 | 00439nam a2200133Ia 4500 | ||
|---|---|---|---|
| 008 | 170419s9999 xx 000 0 und d | ||
| 100 | _aMueller, Christine. | ||
| 245 | _aPolicy brief: registered nurse staffing requirements in nursing homes | ||
| 245 | _cChristine Mueller, Barbara Bowers, Sarah Greene Burger, Tara A. Cortes. | ||
| 260 | _bElsevier | ||
| 260 | _c2016 | ||
| 300 | _aSeptember/November | ||
| 440 |
_aNursing Outlook _v64:5 |
||
| 999 |
_c329483 _d329483 |
||